Exploring Costa Rica 2002
Guardado en:
| Formato: | Libro |
|---|---|
| Lenguaje: | Undetermined |
| Publicado: |
Costa Rica
The Tico Times
2002
|
| Materias: | |
| Etiquetas: |
Agregar Etiqueta
Sin Etiquetas, Sea el primero en etiquetar este registro!
|
MARC
| LEADER | 00000nam a2200000Ia 4500 | ||
|---|---|---|---|
| 008 | 170316s9999 xx 000 0 und d | ||
| 040 | |a cru BVZT | ||
| 090 | |a Cultura General | ||
| 245 | |a Exploring Costa Rica 2002 | ||
| 260 | |a Costa Rica | ||
| 260 | |b The Tico Times | ||
| 260 | |c 2002 | ||
| 300 | |a 303 páginas | ||
| 650 | |a REFERENCIA | ||
| 650 | |a CULTURA | ||
| 650 | |a TIQUICIA | ||
| 650 | |a DEPORTES | ||
| 650 | |a PAISAJES | ||
| 650 | |a INFORMACIÓN GENERAL | ||
| 999 | |c 13249 |d 13249 | ||
| 942 | |c 15 D |h Cultura General |2 z | ||
